LEADER 01029nam a22002651i 4500 001 991003898499707536 005 20030926084416.0 008 031111s1972 fr |||||||||||||||||fre 035 $ab12489876-39ule_inst 035 $aARCHE-052314$9ExL 040 $aDip.to Lingue$bita$cA.t.i. Arché s.c.r.l. Pandora Sicilia s.r.l. 082 04$a842.91 100 1 $aVandromme, Pol$0132535 245 10$aJean Anouilh :$bun auteur et ses personnages : essai suivi d'un recueil de textes critiques de Jean Anouilh /$cPol Vandromme 260 $aParis :$bLa table ronde,$c1972 300 $a249 p. ;$c20 cm 600 14$aAnouilh, Jean$xOpere$xStudi 600 14$aAnouilh, Jean$xOpere$xStudi$xPersonaggi 700 1 $aAnouilh, Jean 907 $a.b12489876$b02-04-14$c13-11-03 912 $a991003898499707536 945 $aLE012 848.91 ANO VAN$g1$i2012000148376$lle012$o-$pE0.00$q-$rl$s- $t0$u0$v0$w0$x0$y.i12923904$z13-11-03 996 $aJean Anouilh$9183131 997 $aUNISALENTO 998 $ale012$b13-11-03$cm$da $e-$ffre$gfr $h0$i1